000
00277nam a2200121 a 4500
005
20141022141959.0
008
120306s19uu xx 00 eng d
050
_a
CD
_b
M58 2005
100
_a
Rankins, Ray
245
_a
Microsoft SQL server.
260
_c
2005.
942
_c
AVM
999
_c
276136
_d
276136